[Event "Forni di Sopra Dolomiti 2018"]
[Site "Forni di Sopra"]
[Date "2018.06.12"]
[Round "4.8"]
[White "Loiacono, Antonio"]
[Black "Djuric, Stefan"]
[Result "1/2-1/2"]
[WhiteElo "2197"]
[BlackElo "2350"]
[Annotator "NA"]
[PlyCount "40"]
[EventDate "2018.??.??"]
[EventType "swiss"]
[EventCountry "ITA"]
[SourceTitle "playchess.com"]
[Source "ChessBase"]
[SourceQuality "1"]
[TimeControl "40/5400+30:1800+30"]

{[%evp 21,40,29,32767,32767,37,17,31,54,67,28,29,32767,84,81,32767,32767,32767,108,118,104,136]} 1. e4 {[%emt 0:01:30]} e6 {[%emt 0:01:00]} 2. d4 {[%emt 0:00:30]} c5 {[%emt 0:00:00]} 3. Nf3 {[%emt 0:00:30]} cxd4 {[%emt 0:00:00]} 4. Nxd4 {[%emt 0:00:00]} Nc6 {[%emt 0:01:30]} 5. Nc3 {[%emt 0:01:00]} a6 {[%emt 0:00:30]} 6. g3 {[%emt 0:01:30]} d5 {[%emt 0:07:30] B46: Sicilian: Taimanov: 5 Nc3 a6} (6... d6 7. Bg2 Bd7 8. O-O Nf6 9. Re1 Be7 10. a4 O-O 11. Nxc6 Bxc6 12. a5 Rc8 13. Be3 Qc7 14. Bb6 Qb8 15. Nd5 Bd8 16. Bxd8 Rcxd8 17. Nxf6+ gxf6 18. Qd4 e5 19. Qb6 Bd7 20. Rad1 Bg4 21. Rd2 Rc8 22. Rxd6 Rxc2 23. Rxf6 {1-0 (50) Vidit,S (2718)-Andreikin,D (2712) chess.com INT 2018}) 7. exd5 {[%emt 0:04:30]} exd5 {[%emt 0:00:30]} 8. Bg2 {[%emt 0:00:00]} Nf6 {[%emt 0:00:00]} 9. O-O {[%emt 0:00:00]} Be7 {[%emt 0:00:00]} 10. Bf4 {[%emt 0:02:30]} O-O {[%emt 0:00:30]} 11. a3 $146 {[%emt 0:04:30]} ({Predecessor:} 11. Re1 Re8 12. Nb3 Be6 13. Ne2 Bf5 14. Ned4 Be4 15. f3 Bg6 16. c3 Qd7 17. Qd2 Rad8 {0-1 (44) Larrea,M (2191)-Muniz,R (2172) Montevideo 2001}) 11... Bg4 {[%emt 0:11:30]} 12. Qd3 {[%emt 0:02:30]} Qd7 {[%emt 0:20:30]} 13. Rfe1 {[%emt 0:08:30]} Rad8 {[%emt 0:02:30]} 14. Na4 {[%emt 0:05:30]} Bd6 {[%emt 0:12:30]} 15. Bxd6 {[%emt 0:02:30]} Qxd6 {[%emt 0:01:30]} 16. Nxc6 {[%emt 0:00:30]} bxc6 {[%emt 0:06:30]} 17. b4 {[%emt 0:00:30]} Nd7 {[%emt 0:01:30]} 18. Qd4 {[%emt 0:00:30]} Qg6 {[%emt 0:02:30]} 19. c4 {[%emt 0:02:30]} Nf6 {[%emt 0:01:30]} 20. cxd5 {[%emt 0:01:30]} cxd5 $16 {[%emt 0:01:30]} 1/2-1/2

[Event "Forni di Sopra Dolomiti 2018"]
[Site "Forni di Sopra"]
[Date "2018.06.12"]
[Round "4.9"]
[White "Qendro, Llambi"]
[Black "Dappiano, Andrea"]
[Result "1/2-1/2"]
[WhiteElo "2334"]
[BlackElo "2279"]
[Annotator "TA"]
[PlyCount "19"]
[EventDate "2018.??.??"]
[EventType "swiss"]
[EventCountry "ITA"]
[SourceTitle "playchess.com"]
[Source "ChessBase"]
[SourceQuality "1"]

{[%evp 11,16,15,20,11,14,5,10]} 1. d4 e6 2. c4 Bb4+ 3. Bd2 Bxd2+ 4. Qxd2 Nf6 5. Nc3 O-O 6. Nf3 d5 {The position is equal.} 7. cxd5 {E11: Bogo-Indian} (7. e3 Qe7 8. Rc1 dxc4 9. Bxc4 c5 10. O-O Rd8 11. Qc2 cxd4 12. Nxd4 Bd7 13. Qb3 Be8 14. Bb5 Nbd7 15. Rfd1 Kf8 16. Be2 {½-½ (31) Parligras,M (2616)-Meier,G (2655) Germany 2018}) 7... exd5 8. e3 Bf5 {Predecessor:} 9. Bd3 $146 Bxd3 10. Qxd3 {½-½ (10) Shneider,A (2485)-Sieiro Gonzalez,L (2360) Havana 1990} 1/2-1/2

[Event "Forni di Sopra Dolomiti 2018"]
[Site "Forni di Sopra"]
[Date "2018.06.12"]
[Round "4.10"]
[White "Barillaro, Luca"]
[Black "Loiacono, Leonardo"]
[Result "1/2-1/2"]
[WhiteElo "2081"]
[BlackElo "2313"]
[Annotator "NA"]
[PlyCount "54"]
[EventDate "2018.??.??"]
[EventType "swiss"]
[EventCountry "ITA"]
[SourceTitle "playchess.com"]
[Source "ChessBase"]
[SourceQuality "1"]
[TimeControl "40/5400+30:1800+30"]

1. d4 {[%emt 0:00:30]} Nf6 {[%emt 0:38:00]} 2. Nf3 {[%emt 0:04:30]} e6 {[%emt 0:00:30]} 3. g3 {[%emt 0:00:30]} c5 {[%emt 0:00:30]} 4. Bg2 {[%emt 0:01:30]} Be7 {[%emt 0:00:30]} 5. O-O {[%emt 0:00:30]} O-O {[%emt 0:00:30]} 6. b3 {[%emt 0:00:30]} d5 {[%emt 0:00:30]} 7. Bb2 {[%emt 0:00:30]} b6 {[%emt 0:00:30]} 8. c4 {[%emt 0:01:30]} Bb7 {[%emt 0:00:30]} 9. cxd5 {[%emt 0:00:30]} exd5 {[%emt 0:00:30]} 10. Nc3 {[%emt 0:00:30]} Nbd7 {[%emt 0:00:30]} 11. Rc1 {[%emt 0:00:30]} Re8 {[%emt 0:00:30] LiveBook: 21 Games} 12. e3 {[%emt 0:47:30]} Nf8 {[%emt 0:00:30]} 13. dxc5 {[%emt 0:37:30]} (13. Na4 {[%emt 0:00:30]}) 13... bxc5 $16 {[%emt 0:00:30]} 14. Na4 {[%emt 0:00:30]} Ne6 {[%emt 0:00:30]} 15. Bxf6 {[%emt 0:00:30]} Bxf6 {[%emt 0:00:30]} 16. Nxc5 {[%emt 0:00:30]} Nxc5 {[%emt 0:00:30]} 17. Rxc5 {[%emt 0:00:30]} Be7 {[%emt 0:00:30]} 18. Rc2 {[%emt 0:00:30]} Ba6 {[%emt 0:00:30]} 19. Rd2 {[%emt 0:00:30]} Bxf1 {[%emt 0:00:30]} 20. Bxf1 {[%emt 0:00:30]} Qa5 {[%emt 0:00:30]} 21. Rxd5 {[%emt 0:00:30]} Qxa2 {[%emt 0:00:30]} 22. Bc4 {[%emt 0:00:30]} Bf6 {[%emt 0:00:30]} 23. Rd7 {[%emt 0:00:30]} Kh8 {[%emt 0:00:30]} 24. Qd5 {[%emt 0:00:30]} Rf8 {[%emt 0:00:30]} 25. Rxf7 {[%emt 0:00:30]} Rad8 {[%emt 0:00:30]} 26. Rxf8+ {[%emt 0:00:30]} Rxf8 {[%emt 0:00:30]} 27. Kg2 {[%emt 0:00:30]} Be7 {[%emt 0:00:30]} 1/2-1/2

[Event "Forni di Sopra Dolomiti 2018"]
[Site "Forni di Sopra"]
[Date "2018.06.12"]
[Round "4.11"]
[White "Di Benedetto, Edoardo"]
[Black "Dev, Shah"]
[Result "1-0"]
[WhiteElo "2288"]
[BlackElo "1997"]
[Annotator "TA"]
[PlyCount "103"]
[EventDate "2018.??.??"]
[EventType "swiss"]
[EventCountry "ITA"]
[SourceTitle "playchess.com"]
[Source "ChessBase"]
[SourceQuality "1"]

{[%evp 22,103,35,27,52,39,42,30,35,33,35,27,62,49,96,88,107,109,114,118,191,125,268,114,112,66,63,64,129,54,67,62,60,57,74,68,57,67,73,86,234,230,251,264,230,142,129,141,364,288,695,646,687,114,181,142,139,87,128,0,128,120,125,117,126,89,128,76,290,286,2091,2179,1427,228,1015,931,892,789,29949,29950,12534,12537,6170,5228]} 1. e4 e5 2. Nf3 Nc6 3. Bb5 a6 4. Ba4 Nf6 5. O-O Nxe4 6. d4 b5 7. Bb3 d5 8. dxe5 Be6 9. c3 Bc5 10. Nbd2 O-O 11. Qe2 Nxd2 12. Bxd2 {LiveBook: 5 Games} Ne7 {C82: Open Ruy Lopez: 9 c3 without 9...Be7} (12... d4 13. Ng5 Bxb3 14. Qe4 Bc2 15. Qxc6 dxc3 16. Qxc5 Qxd2 17. Nf3 Qd3 18. bxc3 Qg6 19. Nd4 Be4 20. f3 {0-1 (73) Guliyev,N (2542)-Golod,V (2582) playchess.com INT 2006}) 13. Rad1 c6 14. Be3 $146 ({Predecessor:} 14. Nd4 Qd7 15. Be3 Ba7 16. Bc2 Nf5 17. Qd3 g6 18. Bg5 Bb8 19. Bf6 Bc7 20. Qd2 Ng7 21. Qh6 Ne8 22. Nf3 {1-0 (22) Sutton,R (2307)-Mckerras,R (2026) Dunedin 2006}) 14... Qb6 {White has an edge.} 15. Nd4 Nf5 16. Bc2 Bxd4 17. cxd4 Rae8 18. Qd3 {Black must now prevent g4.} g6 19. Bg5 $36 {[%mdl 2048] Keeping Black busy.} h6 20. Bf6 Kh7 (20... c5 $16 {was worth a try.}) 21. b4 ({Better is} 21. g4 $18) 21... a5 (21... Ng7 $16) 22. a3 (22. g4 $18 {has better winning chances.}) 22... Ng7 $16 23. Bxg7 Kxg7 24. f4 Bf5 (24... f5 $14) 25. Qc3 (25. Qd2 $1 $16) 25... axb4 $14 26. axb4 Bxc2 27. Qxc2 f6 28. Kh1 fxe5 29. dxe5 Re6 30. Qc3 Rf7 (30... Qd8 $16) 31. g4 $1 $18 Qb8 {[#]} 32. Rde1 $1 Qf8 33. Qd4 {aiming for f5!} h5 34. gxh5 gxh5 $2 (34... g5 $16) 35. Re2 Rf5 $2 (35... Kh8 36. Ref2 Rf5) 36. Rg2+ Kh6 {intending ...Rfxe5.} 37. Rgf2 $2 (37. Qd2 $18 {is more deadly.}) 37... Rg6 (37... Kh7 $16) 38. Qd3 Qf7 39. Qe3 ({White should try} 39. h3) 39... Qe7 40. Qd3 Qf7 $1 41. Rf3 Rg4 42. Qc3 Qe6 43. Qd4 Qe7 44. Rc1 (44. h3 $142 Rg7 45. Rc1) 44... Rg6 $2 {[#]} (44... Qe6 $16 {was necessary.}) 45. Rg3 $1 {[%cal Rg3g6]} Qf7 $2 (45... Rxg3 46. hxg3 Qe6) 46. Rxg6+ Qxg6 {[%mdl 4096] Endgame [#] KQR-KQR} 47. e6 $1 {[%mdl 512]} Qg7 $2 (47... Rf8) (47... Qxe6 48. Qh8+) 48. Qe3 {Intending e7 and mate.} Qe7 49. Rxc6 Qb7 50. e7+ Qxc6 51. e8=Q Qxe8 52. Qxe8 {Precision: White = 47%, Black = 27%.} 1-0

[Event "Forni di Sopra Dolomiti 2018"]
[Site "Forni di Sopra"]
[Date "2018.06.12"]
[Round "4.12"]
[White "Dobboletta, Alex"]
[Black "De Santis, Alessio"]
[Result "1/2-1/2"]
[WhiteElo "2105"]
[BlackElo "2260"]
[Annotator "TA"]
[PlyCount "18"]
[EventDate "2018.??.??"]
[EventType "swiss"]
[EventCountry "ITA"]
[SourceTitle "playchess.com"]
[Source "ChessBase"]
[SourceQuality "1"]

{[%evp 9,18,23,16,16,20,0,37,32,68,36,41]} 1. c4 b6 2. Nc3 Bb7 3. Nf3 e6 4. e3 c5 5. Be2 (5. d4 cxd4 6. exd4 Bb4 7. Bd3 Nf6 8. O-O h6 9. d5 O-O 10. Nd4 Bxc3 11. bxc3 Na6 12. Qf3 Nc5 13. Bc2 Ba6 14. Re1 Bxc4 15. Bxh6 gxh6 16. Qf4 {0-1 (38) Popilski,G (2503)-Brunello,S (2593) Yerevan 2014}) 5... Nf6 6. O-O {A34: Symmetrical English: 2 Nc3, lines with ...d5} Be7 7. b3 a6 8. Bb2 Qc7 9. h3 $146 ({Predecessor:} 9. d4 d6 10. Rc1 cxd4 11. Nxd4 {½-½ (22) Friesse,B (1872)-Baeumler,N (1623) Wesel Undeloh 2015}) 9... h6 1/2-1/2

[Event "Forni di Sopra Dolomiti 2018"]
[Site "Forni di Sopra"]
[Date "2018.06.12"]
[Round "5.1"]
[White "Bellia, Fabrizio"]
[Black "Beshukov, Sergei"]
[Result "1-0"]
[WhiteElo "2428"]
[BlackElo "2402"]
[Annotator "TA"]
[PlyCount "137"]
[EventDate "2018.??.??"]
[EventType "swiss"]
[EventCountry "ITA"]
[SourceTitle "playchess.com"]
[Source "ChessBase"]
[SourceQuality "1"]

{[%evp 33,137,42,56,37,64,52,63,60,56,60,85,88,81,87,87,60,74,72,75,76,82,77,79,58,63,68,70,40,114,114,114,114,114,114,114,112,110,110,113,113,102,102,170,169,168,165,258,260,376,376,372,362,351,345,370,371,346,345,391,386,408,397,368,291,475,468,708,671,633,616,547,465,792,747,12829,12830,12833,12834,12834,12831,12832,12831,12830,12685,12790,11808,11373,10441,12819,1677,12800,11317,12810,6091,4981,1853,5977,10871,12830,12831,12827,5586,12835,12835,12835,12835]} 1. e4 c5 2. Nf3 Nc6 3. d4 cxd4 4. Nxd4 Qc7 5. Nc3 e6 6. g3 a6 7. Bg2 Nf6 8. O-O Nxd4 9. Qxd4 Bc5 10. Bf4 d6 11. Qd2 h6 12. Rad1 e5 13. Be3 Be6 {B47: Sicilian: Taimanov: 5 Nc3 Qc7 6 f4, 6 g3 and 6 Be2} 14. Bxc5 dxc5 15. Nd5 Bxd5 16. exd5 Qd6 17. c4 O-O {LiveBook: 6 Games} 18. Rfe1 {[%cal Bf1e1,Be1e3,Be3b3][%mdl 32]} (18. Bh3 Rfe8 19. Rfe1 Re7 20. Re3 b6 21. a3 {½-½ (51) Adams,M (2727)-Spoelman,W (2586) Germany 2018}) 18... Rfe8 {[%cal Bf8e8,Be8e7,Be7c7][%mdl 32]} 19. Re3 Re7 $146 ({Predecessor:} 19... b5 20. Qc2 bxc4 21. Qxc4 {0-1 (36) Solovyov,V (2104)-Kopasov,A (2063) St Petersburg 2007}) 20. Rde1 Rae8 21. Qa5 Ra8 22. Rb3 e4 23. Bh3 Qe5 24. Qxc5 Rc7 25. Qb4 Qd4 26. d6 Rxc4 27. Qxb7 Rd8 28. Qc7 Rxc7 29. dxc7 Qd6 $1 {[%cal Rd6c7]} 30. Rc1 Rf8 {[#]} (30... Kh7 $1 $14) 31. Rb8 $1 $16 {[%cal Rb8f8][%mdl 512]} Rxb8 32. cxb8=Q+ Qxb8 33. Rc8+ {[#]} Qxc8 $1 {[%mdl 512]} 34. Bxc8 {[%mdl 4096] Endgame KB-KN} a5 {[#]} 35. Kf1 $1 Kf8 36. Ke2 Ke7 37. Ke3 Kd6 {[#]} (37... g6 $16) 38. Kd4 $1 $18 g6 39. h3 Kc7 (39... e3 {was necessary.} 40. Kxe3 (40. fxe3 Ng8 $16) 40... Kc5) 40. Ba6 Nd7 (40... Kd7 {might work better.} 41. Bb7 Ke7 42. Bxe4 Nxe4 43. Kxe4 Kd6) 41. Bb5 Nf8 42. Kxe4 Kd6 43. Bc4 f5+ 44. Kd4 Nd7 45. a3 Ne5 46. Bd5 g5 47. Bb7 Ng6 48. Ba6 f4 $2 (48... Ne7 49. Bb5 Nc8) 49. Ke4 {White is clearly winning.} fxg3 (49... Ke6 $142 50. gxf4 Nxf4) 50. fxg3 Ne7 51. Be2 Nc6 52. Bd3 Ne7 (52... Ne5 $142 53. Bb5 Ke6) 53. b4 axb4 54. axb4 {[%cal Ba3b4,Bb4b5][%mdl 32]} Nd5 55. b5 Ne7 56. Be2 Ke6 57. Bc4+ Kd6 58. Bf7 Nc8 59. Be8 Ke6 60. Kd4 Kd6 61. Bg6 (61. g4 $142 Nb6 62. Bc6) 61... Ne7 62. Be4 Nc8 63. g4 {[%cal Bg3g4,Bg4h5][%mdl 32]} Nb6 64. Bf3 (64. Bc6 $142 Nc8 65. Kc4) 64... Nd7 65. Be2 Nb6 66. Ke4 Ke6 67. Bf1 h5 68. gxh5 Kf6 69. Kd4 {Precision: White = 80%, Black = 50%.} 1-0

[Event "Forni di Sopra Dolomiti 2018"]
[Site "Forni di Sopra"]
[Date "2018.06.12"]
[Round "5.2"]
[White "Santos Ruiz, Miguel"]
[Black "Stella, Andrea"]
[Result "1/2-1/2"]
[WhiteElo "2527"]
[BlackElo "2500"]
[Annotator "TA"]
[PlyCount "26"]
[EventDate "2018.??.??"]
[EventType "swiss"]
[EventCountry "ITA"]
[SourceTitle "playchess.com"]
[Source "ChessBase"]
[SourceQuality "1"]

{[%evp 14,19,0,0,6,6,10,14]} 1. Nf3 d5 2. e3 Nf6 3. c4 c6 4. Nc3 e6 5. b3 Nbd7 6. Qc2 {A11: English Opening: 1...c6} b6 (6... Bd6 7. Bb2 O-O 8. Be2 Qe7 9. O-O b6 10. cxd5 cxd5 11. Nb5 Ba6 12. Qd1 Bxb5 13. Bxb5 a6 14. Be2 Ba3 15. Qc1 Bxb2 16. Qxb2 {½-½ (33) Ivanchuk,V (2728)-Duda,J (2707) Tbilisi 2017}) 7. cxd5 exd5 8. d4 {LiveBook: 3 Games. The position is equal.} Bb7 9. Bd3 Bd6 10. O-O {Predecessor:} O-O $146 11. Bb2 Re8 12. Rfe1 Rc8 13. Rad1 Qc7 {1-0 (38) Delchev,A (2623)-Collutiis,D (2447) Plovdiv 2010} 1/2-1/2

[Event "Forni di Sopra Dolomiti 2018"]
[Site "Forni di Sopra"]
[Date "2018.06.12"]
[Round "5.3"]
[White "Martinez, Ayelen"]
[Black "Lazic, Miroljub"]
[Result "1-0"]
[WhiteElo "2209"]
[BlackElo "2506"]
[Annotator "TA"]
[PlyCount "57"]
[EventDate "2018.??.??"]
[EventType "swiss"]
[EventCountry "ITA"]
[SourceTitle "playchess.com"]
[Source "ChessBase"]
[SourceQuality "1"]

{[%evp 11,57,-34,35,39,33,36,50,35,77,82,121,135,137,126,510,389,391,396,402,405,1240,1254,1260,1209,1460,438,1299,1252,1189,1104,1719,1398,1320,1313,1301,1278,1612,1561,2006,1117,1963,1772,29996,29997,29997,29998,29998,29999]} 1. e4 d6 2. d4 Nf6 3. Nc3 e5 4. Nf3 Nbd7 5. g4 (5. Bc4 Be7 6. O-O O-O 7. Re1 c6 8. a4 a5 9. h3 Re8 10. Ba2 Bf8 11. Be3 Qc7 12. Ng5 Re7 13. f4 b6 14. fxe5 dxe5 15. d5 cxd5 16. exd5 {1-0 (16) Wang,H (2709)-Ivanchuk,V (2726) Huaian 2017}) 5... Nxg4 6. Rg1 {C41: Philidor Defence} exd4 {LiveBook: 41 Games} ({Black should play} 6... Ngf6 $1 $15) 7. Bg5 $14 Ngf6 8. Qxd4 {White is slightly better.} c6 $146 ({Predecessor:} 8... h6 9. Be3 Nc5 10. O-O-O Ng4 11. e5 Nxe3 12. Qxe3 Ne6 {½-½ (29) Bentivegna,F (2258)-Janev,E (2405) Cutro 2004}) 9. O-O-O {Threatens to win with e5.} Qb6 10. Qd2 Ne5 11. Nxe5 dxe5 12. Bc4 $36 {[%mdl 2048] Black must now prevent Nb5! White is really pushing.} Qc7 $2 {[%mdl 8192]} (12... Nd7 $16) 13. Bxf6 gxf6 {[#]} 14. Nb5 $1 {[%cal Rb5c7][%mdl 512]} Qe7 {[#]} (14... cxb5 15. Bxb5+) 15. Qe3 $1 Qb4 (15... h5 $142 16. Nd6+ Qxd6) 16. Nc7+ $18 Ke7 17. Nxa8 Qxc4 18. Qd2 (18. Qa3+ $142 c5 19. Kb1) 18... Qd4 (18... Bh6 $142 19. Qxh6 Qxa2) 19. Qa5 Bh6+ 20. Kb1 Qxe4 21. Qc7+ Ke6 22. Rd6+ Kf5 23. Qxf7 {[%csl Gf7][%cal Rd6f6]} Qh4 24. Nc7 Rf8 25. Qxh7+ Kf4 26. Qd3 {f3 would kill now.} Qxh2 27. Qe3+ {White mates.} Kf5 28. Qf3+ Bf4 29. Qg4+ {Precision: White = 88%, Black = 15%.} 1-0

[Event "Forni di Sopra Dolomiti 2018"]
[Site "Forni di Sopra"]
[Date "2018.06.12"]
[Round "5.4"]
[White "Castellanos Rodriguez, Renier"]
[Black "Bryzgalin, Kirill"]
[Result "1/2-1/2"]
[WhiteElo "2501"]
[BlackElo "2427"]
[Annotator "TA"]
[PlyCount "81"]
[EventDate "2018.??.??"]
[EventType "swiss"]
[EventCountry "ITA"]
[SourceTitle "playchess.com"]
[Source "ChessBase"]
[SourceQuality "1"]

{[%evp 16,81,37,34,35,36,42,31,46,40,44,42,44,27,64,57,56,39,36,22,52,43,43,39,59,43,39,21,51,36,35,31,35,37,83,63,70,64,58,53,107,80,163,107,117,111,133,144,109,110,164,91,107,107,110,28,67,28,56,46,45,46,41,52,51,30,36,29]} 1. e4 e5 2. Nf3 Nc6 3. Bb5 a6 4. Ba4 Nf6 5. d3 d6 6. c3 Be7 7. O-O b5 8. Bc2 O-O 9. Nbd2 Re8 {C77: Ruy Lopez: 3...a6 4 Ba4 Nf6, unusual lines} (9... d5 10. d4 exd4 11. e5 d3 12. Bxd3 Ng4 13. Qe2 f6 14. exf6 Nxf6 15. h3 Bd6 16. Re1 Re8 17. Qd1 Rxe1+ 18. Qxe1 {½-½ (43) Karjakin,S (2773)-Aronian,L (2799) Saint Louis 2017}) 10. Re1 Bf8 11. Nf1 g6 12. Bg5 h6 13. Bd2 Bg7 14. a4 $146 {White wants to play axb5.} ({Predecessor:} 14. h3 Kh7 15. N3h2 d5 16. Ng3 d4 17. a4 {0-1 (32) Neubauer,A (1926)-Spelec,D (1991) Graz 2012}) 14... Bb7 15. Ng3 Nb8 16. d4 Nbd7 17. Bd3 c6 18. b4 Nb6 19. a5 Nbd7 20. Rc1 Rc8 21. dxe5 dxe5 22. Qe2 Qe7 23. c4 Nf8 24. Bc3 N6d7 25. Qb2 h5 26. h3 Ne6 27. c5 Nf4 (27... Rcd8 $14) 28. Bb1 Rc7 {[#]} (28... Rcd8 $16) 29. Ne2 $36 {[%mdl 2048] White has strong initiative.} ({Better is} 29. Rcd1 $1 $18) 29... Nxe2+ $16 30. Rxe2 Bc8 31. Rd1 Nf8 32. Rd6 f6 {[#]} (32... Kh7 $16 {might work better.} 33. Red2 f6) 33. Red2 (33. Nh4 $1 $18) 33... Ne6 34. Rd1 Kh7 35. Bd2 ({White should play} 35. Ba2 $16) 35... Bf8 36. Be3 Qg7 37. R6d3 Rd7 38. Rxd7 Bxd7 39. Ba2 Bc8 40. Rd2 Qc7 41. Qb3 {Precision: White = 41%, Black = 54%.} 1/2-1/2

[Event "Forni di Sopra Dolomiti 2018"]
[Site "Forni di Sopra"]
[Date "2018.06.12"]
[Round "5.5"]
[White "Ceschia, Ivano"]
[Black "Rotstein, Arkadij"]
[Result "0-1"]
[WhiteElo "2325"]
[BlackElo "2490"]
[Annotator "TA"]
[PlyCount "54"]
[EventDate "2018.??.??"]
[EventType "swiss"]
[EventCountry "ITA"]
[SourceTitle "playchess.com"]
[Source "ChessBase"]
[SourceQuality "1"]

{[%evp 23,54,25,20,0,-7,-7,-3,-4,-14,-68,-78,-73,-71,-115,-134,-195,-183,-206,-200,-202,-168,-248,-183,-277,-276,-338,-258,-434,-441,-899,-899,-893,-867]} 1. e4 c5 2. Nf3 e6 3. d4 cxd4 4. Nxd4 a6 5. Nc3 Qc7 6. Bd3 Nf6 7. Qe2 d6 8. Bd2 {B43: Sicilian: Kan Variation: 5 Nc3} (8. f4 Nbd7 9. Bd2 g6 10. Bc4 b5 11. Bxe6 fxe6 12. Nxe6 Qb7 13. e5 dxe5 14. fxe5 Nh5 15. Nd5 Nc5 16. Nec7+ Kf7 17. g4 Ne6 18. Rf1+ Kg8 19. Qf3 Nhf4 20. Bxf4 Nxc7 21. Bh6 {1-0 (21) Mamedov,R (2678)-Kveinys,A (2535) Antalya 2017}) 8... Be7 9. O-O Nbd7 10. Kh1 b6 11. f4 Bb7 12. Rae1 Nc5 {LiveBook: 16 Games} 13. b4 Nxd3 14. cxd3 O-O 15. Rc1 Qd7 16. g4 $146 (16. Kg1 $11) ({Predecessor:} 16. a3) 16... g6 $1 $15 17. g5 Nh5 18. f5 {[#]} d5 $1 {[%cal Rd5e4]} 19. f6 (19. e5 $17 {was called for.}) 19... dxe4 $19 ({Resist} 19... Bxb4 20. e5 $17) 20. Nxe4 Bd6 ({Don't take} 20... Bxf6 21. gxf6 Qxd4 22. Rc7 $17) 21. Nf3 Rfd8 22. Rc4 (22. d4 $142) 22... Bf8 23. Ne5 {[#]} (23. Rd4 $142 Qa4 24. Qe3) 23... Qd5 $1 {[%cal Rd5e5]} 24. Bc3 Rac8 {aiming for ...Rxc4.} 25. Rxc8 $2 (25. Rf3 {was necessary.}) 25... Rxc8 {Black is clearly winning.} 26. Kg1 {[#]} (26. Nc4 $142 Qxg5 27. Bd2) 26... Rxc3 $1 {[%mdl 512]} 27. Nxc3 Qd4+ {Precision: White = 16%, Black = 88%.} 0-1

[Event "Forni di Sopra Dolomiti 2018"]
[Site "Forni di Sopra"]
[Date "2018.06.12"]
[Round "5.6"]
[White "Djuric, Stefan"]
[Black "Qendro, Llambi"]
[Result "1/2-1/2"]
[WhiteElo "2350"]
[BlackElo "2334"]
[Annotator "NA"]
[PlyCount "26"]
[EventDate "2018.??.??"]
[EventType "swiss"]
[EventCountry "ITA"]
[SourceTitle "playchess.com"]
[Source "ChessBase"]
[SourceQuality "1"]
[TimeControl "40/5400+30:1800+30"]

1. e4 {[%emt 0:00:30]} g6 {[%emt 0:01:00]} 2. d4 {[%emt 0:00:00]} Bg7 {[%emt 0:00:00]} 3. Nf3 {[%emt 0:01:00]} d6 {[%emt 0:00:00]} 4. Nc3 {[%emt 0:00:30]} c6 {[%emt 0:00:30]} 5. Bc4 {[%emt 0:06:30]} Nf6 {[%emt 0:03:30]} 6. e5 {[%emt 0:07:30]} dxe5 {[%emt 0:02:30]} 7. Nxe5 {[%emt 0:00:00]} O-O {[%emt 0:01:30]} 8. O-O {[%emt 0:01:00]} Nbd7 {[%emt 0:03:30]} 9. Bf4 {[%emt 0:01:30]} Nb6 {[%emt 0:06:30]} 10. Bb3 {[%emt 0:04:30]} Nbd5 {[%emt 0:04:30]} 11. Bg3 {[%emt 0:07:30]} Nxc3 {[%emt 0:16:30]} 12. bxc3 {[%emt 0:00:30]} Bf5 {[%emt 0:00:30]} 13. f4 {[%emt 0:29:30]} Nd5 {[%emt 0:09:30]} 1/2-1/2